Clinical practice guidelines for midwifery & women's health / (Record no. 20134)
[ view plain ]
| 000 -LEADER | |
|---|---|
| fixed length control field | 01503cam a22003375a 4500 |
| 001 - CONTROL NUMBER | |
| control field | 10410438 |
| 005 - DATE AND TIME OF LATEST TRANSACTION | |
| control field | 20150810160819.0 |
| 008 - FIXED-LENGTH DATA ELEMENTS--GENERAL INFORMATION | |
| fixed length control field | 120215t2013 maua frb 001 0 eng d |
| 020 ## - INTERNATIONAL STANDARD BOOK NUMBER | |
| Cancelled/invalid ISBN | 1449645755 |
| 020 ## - INTERNATIONAL STANDARD BOOK NUMBER | |
| Cancelled/invalid ISBN | 9781449645755 |
| 040 ## - CATALOGING SOURCE | |
| Original cataloging agency | CaPaEBR |
| Transcribing agency | CaPaEBR |
| Language of cataloging | eng |
| Modifying agency | EG-ScBUE |
| 082 04 - DEWEY DECIMAL CLASSIFICATION NUMBER | |
| Classification number | 618.2 |
| Item number | THA |
| Edition number | 22 |
| 100 1# - MAIN ENTRY--PERSONAL NAME | |
| Personal name | Tharpe, Nell, |
| Dates associated with a name | 1956- |
| 9 (RLIN) | 12062 |
| 245 10 - TITLE STATEMENT | |
| Title | Clinical practice guidelines for midwifery & women's health / |
| Statement of responsibility, etc | Nell L. Tharpe, Cindy L. Farley, Robin G. Jordan. |
| 246 3# - VARYING FORM OF TITLE | |
| Title proper/short title | Clinical practice guidelines for midwifery and women's health |
| 250 ## - EDITION STATEMENT | |
| Edition statement | 4th ed. |
| 260 ## - PUBLICATION, DISTRIBUTION, ETC. (IMPRINT) | |
| Place of publication, distribution, etc | Burlington : |
| Name of publisher, distributor, etc | Jones & Bartlett Learning, |
| Date of publication, distribution, etc | c.2013. |
| 300 ## - PHYSICAL DESCRIPTION | |
| Extent | xviii, 622 p. : |
| Other physical details | ill. ; |
| Dimensions | 28 cm. |
| 500 ## - GENERAL NOTE | |
| General note | Index : p. 575-622. |
| 504 ## - BIBLIOGRAPHY, ETC. NOTE | |
| Bibliography, etc | Includes bibliographical references. |
| 505 0# - FORMATTED CONTENTS NOTE | |
| Formatted contents note | Essential midwifery practice -- Care of the woman during pregnancy -- Care of the pregnant woman with prenatal variations -- Care of the woman during labor and birth -- Care of the infant and mother after birth -- Care of the well woman -- Care of the woman with reproductive health problems -- Primary care in women's health. |
| 650 #0 - SUBJECT ADDED ENTRY--TOPICAL TERM | |
| Topical term or geographic name as entry element | Midwifery |
| General subdivision | Standards. |
| Source of heading or term | BUEsh |
| 9 (RLIN) | 12063 |
| 650 #0 - SUBJECT ADDED ENTRY--TOPICAL TERM | |
| Topical term or geographic name as entry element | Maternity nursing |
| General subdivision | Standards. |
| Source of heading or term | BUEsh |
| 9 (RLIN) | 12064 |
| 650 #0 - SUBJECT ADDED ENTRY--TOPICAL TERM | |
| Topical term or geographic name as entry element | Gynecologic nursing |
| General subdivision | Standards. |
| Source of heading or term | BUEsh |
| 9 (RLIN) | 12065 |
| 651 ## - SUBJECT ADDED ENTRY--GEOGRAPHIC NAME | |
| Source of heading or term | BUEsh |
| 653 ## - INDEX TERM--UNCONTROLLED | |
| Resource For college | Nursing |
| Arrived date list | July2015 |
| -- | August2015 |
| 655 #7 - INDEX TERM--GENRE/FORM | |
| Form subdivision | |
| -- | 34232 |
| 700 1# - ADDED ENTRY--PERSONAL NAME | |
| Personal name | Farley, Cindy L. |
| 9 (RLIN) | 12070 |
| 700 1# - ADDED ENTRY--PERSONAL NAME | |
| Personal name | Jordan, Robin G., |
| Dates associated with a name | 1954- |
| 942 ## - ADDED ENTRY ELEMENTS (KOHA) | |
| Source of classification or shelving scheme | Dewey Decimal Classification |
| Call number prefix | 618.2 THA |
| Withdrawn status | Lost status | Source of classification or shelving scheme | Damaged status | Not for loan | Koha collection | Home library | Current library | Shelving location | Date acquired | Source of acquisition | Cost, normal purchase price | Serial Enumeration / chronology | Total Checkouts | Total Renewals | Full call number | Barcode | Date last seen | Date last borrowed | Cost, replacement price | Koha item type |
|---|---|---|---|---|---|---|---|---|---|---|---|---|---|---|---|---|---|---|---|---|
| Dewey Decimal Classification | Alahram | Central Library | Central Library | First floor | 02/07/2015 | 471.00 | 323 | 7 | 22 | 618.2 THA | 000038794 | 15/07/2025 | 16/02/2023 | 588.75 | Book - Borrowing |